[Event "AUTO-INT-2389"]
[Site "http://www.queenalice.com/game.php?id=1130055"]
[Date "2012.12.10"]
[Round "2"]
[White "joao_messias"]
[Black "MsJARDEAN"]
[Result "0-1"]
[WhiteElo "1486"]
[BlackElo "1575"]

1. e4 e5 2. Nf3 d6 3. h3 Nf6 4. d3 c5 5. Nc3 Bd7 6. Be2 Nc6 7. O-O Nd4 8. Nxd4
cxd4 9. Nb1 d5 10. exd5 Nxd5 11. Bf3 Bc6 12. Nd2 Bc5 13. Bxd5 Qxd5 14. f3 O-O-O
15. Re1 f5 16. Nb3 b6 17. Nxc5 Qxc5 18. a3 g6 19. Bg5 Rd7 20. Bf6 Re8 21. Rc1
Re6 22. Bh4 e4 23. fxe4 fxe4 24. Qg4 Qf5 25. Qd1 e3 26. Re2 g5 27. Bg3 h5 28.
Qf1 Qxf1+ 0-1

[Event "AUTO-INT-2389"]
[Site "http://www.queenalice.com/game.php?id=1130056"]
[Date "2012.12.10"]
[Round "2"]
[White "MsJARDEAN"]
[Black "jwb"]
[Result "0-1"]
[WhiteElo "1643"]
[BlackElo "1840"]

1. e4 Nc6 2. d4 e6 3. Nf3 h6 4. Bc4 d5 5. exd5 exd5 6. Qe2+ Be7 7. c3 Nf6 8. Bb3
O-O 9. O-O Re8 10. Re1 Bd6 11. Qd3 Ng4 12. Bd2 Nf6 13. Na3 a6 14. Bc2 Ne4 15. c4
Nxd2 16. Qxd2 Bb4 17. Rxe8+ Qxe8 18. Qe3 Qxe3 19. fxe3 Ne7 20. Rf1 c5 21. g3
dxc4 22. Nxc4 Nd5 23. e4 Nf6 0-1

[Event "AUTO-INT-2389"]
[Site "http://www.queenalice.com/game.php?id=1130057"]
[Date "2012.12.10"]
[Round "2"]
[White "jwb"]
[Black "MsJARDEAN"]
[Result "1-0"]
[WhiteElo "1831"]
[BlackElo "1652"]

1. d4 d5 2. Nf3 Bf5 3. Bf4 e6 4. e3 c5 5. c4 Nf6 6. cxd5 exd5 7. Nc3 c4 8. Be2
Nc6 9. O-O a6 10. Nh4 Qd7 11. Bg5 O-O-O 12. Nxf5 Qxf5 13. f4 Be7 14. h3 h6 15.
Bh4 Kb8 16. Bxf6 Bxf6 17. Bg4 Qd3 18. Qxd3 cxd3 19. Bf5 Nb4 20. e4 dxe4 21. Nxe4
Rxd4 22. Nd2 b5 23. Rf3 g6 24. Be4 1-0

[Event "Challenge"]
[Site "http://www.queenalice.com/game.php?id=1135969"]
[Date "2012.12.31"]
[Round "-"]
[White "MsJARDEAN"]
[Black "rpalmero"]
[Result "0-1"]
[WhiteElo "1731"]
[BlackElo "1935"]

1. e4 c5 2. c4 Nc6 3. Nc3 e6 4. f4 a6 5. Nf3 Qc7 6. g3 Nf6 7. e5 Ng4 8. h3 Nh6
9. d4 cxd4 10. Nxd4 Bc5 11. Be3 Nxd4 12. Bxd4 Nf5 13. Bf2 Bxf2+ 14. Kxf2 Qc5+
15. Kg2 Ne3+ 16. Kh2 Nxd1 17. Rxd1 Ke7 18. Bd3 Qf2# 0-1

[Event "Let's Play Chess!"]
[Site "http://www.queenalice.com/game.php?id=1135971"]
[Date "2012.12.31"]
[Round "-"]
[White "igorjava"]
[Black "MsJARDEAN"]
[Result "1-0"]
[WhiteElo "1916"]
[BlackElo "1577"]

1. e4 e5 2. f4 Nc6 3. Nf3 d6 4. Bb5 Bd7 5. f5 a6 6. Bc4 b5 7. Bd5 g6 8. fxg6
hxg6 9. d4 f6 10. Nc3 b4 11. Ne2 Nge7 12. dxe5 dxe5 13. b3 Bg4 14. Ng3 Bxf3 15.
Qxf3 Nxd5 16. exd5 Nd4 17. Qe4 Rg8 18. Be3 Bc5 19. O-O-O Qd6 20. Kd2 O-O-O 21.
c4 a5 22. Ne2 Nxe2 23. Kxe2 1-0

[Event "AUTO-ADV-2717"]
[Site "http://www.queenalice.com/game.php?id=1135990"]
[Date "2013.1.1"]
[Round "1"]
[White "edsonbrasil"]
[Black "MsJARDEAN"]
[Result "1-0"]
[WhiteElo "1836"]
[BlackElo "1734"]

1. e4 e5 2. Nf3 Nf6 3. Nc3 Nc6 4. Bb5 d6 5. d4 a6 6. Bxc6+ bxc6 7. dxe5 dxe5 8.
Qxd8+ Kxd8 9. Nxe5 Be6 10. Nxc6+ Kc8 11. Nd4 Bb4 12. Bd2 Bxc3 13. Bxc3 Nxe4 14.
Nxe6 fxe6 15. Be5 Rg8 16. O-O Rb8 17. b3 Rb5 18. Bf4 g5 19. Be3 h6 20. Rad1 Rd8
21. Rxd8+ Kxd8 22. Rd1+ Rd5 23. Rd4 Rxd4 24. Bxd4 Kd7 25. Be3 Kd6 26. Kf1 Kd5
27. Ke2 Nc3+ 28. Kd3 Nxa2 29. c4+ Kc6 30. Kc2 Kd7 31. Bd2 c5 32. h4 Nb4+ 33. Kc3
gxh4 34. Bxh6 Nc6 35. Bg5 h3 36. gxh3 e5 37. h4 Ke6 38. Be3 Kf5 39. h5 Ne7 40.
b4 cxb4+ 41. Kxb4 Kg4 42. h6 Kf3 43. h7 Ng6 44. c5 e4 45. c6 1-0

[Event "AUTO-ADV-2717"]
[Site "http://www.queenalice.com/game.php?id=1135991"]
[Date "2013.1.1"]
[Round "1"]
[White "MsJARDEAN"]
[Black "edsonbrasil"]
[Result "0-1"]
[WhiteElo "1739"]
[BlackElo "1779"]

1. e4 e5 2. Nf3 Nc6 3. Bb5 f5 4. exf5 e4 5. Bxc6 dxc6 6. Qe2 Nf6 7. d3 Qe7 8.
Nd4 Qe5 9. Qe3 Bc5 10. c3 Bxf5 11. h3 O-O-O 12. f4 Qd5 13. b4 exd3 14. bxc5 Rhe8
15. Qxe8 Rxe8+ 16. Kf2 Ne4+ 17. Kg1 Nxc3 18. Nxf5 Ne2+ 19. Kh2 Qxf5 20. Bd2 Nxf4
21. Rf1 Qe5 22. Bxf4 Qxa1 23. g4 Re2+ 24. Kg3 Qxa2 25. Nc3 Rg2+ 26. Kh4 Qc4 0-1

[Event "AUTO-ADV-2717"]
[Site "http://www.queenalice.com/game.php?id=1136004"]
[Date "2013.1.1"]
[Round "1"]
[White "MsJARDEAN"]
[Black "sisagido"]
[Result "0-1"]
[WhiteElo "1654"]
[BlackElo "2249"]

1. e4 c5 2. c4 Nc6 3. Nf3 d6 4. Nc3 Nf6 5. d3 g6 6. h3 Bg7 7. Bg5 h6 8. Bxf6
Bxf6 9. Qd2 Nd4 10. Nb5 Nxf3+ 11. gxf3 a6 12. Nc3 e6 13. O-O-O b5 14. Kb1 Bd4
15. cxb5 axb5 16. Nxb5 e5 17. f4 Be6 18. Nxd4 Bxa2+ 19. Kc2 cxd4 20. f5 Rc8+ 21.
Qc3 dxc3 22. bxc3 Qa5 23. c4 Rb8 24. d4 Bb3+ 25. Kc1 Qc3+ 0-1

[Event "AUTO-ADV-2717"]
[Site "http://www.queenalice.com/game.php?id=1136005"]
[Date "2013.1.1"]
[Round "1"]
[White "sisagido"]
[Black "MsJARDEAN"]
[Result "1-0"]
[WhiteElo "2263"]
[BlackElo "1635"]

1. e4 e5 2. Nf3 Nf6 3. d4 exd4 4. Qxd4 c5 5. Qd3 Nc6 6. Nc3 d6 7. Bf4 h6 8.
O-O-O Bg4 9. Be2 g5 10. Bxd6 Qxd6 11. Qxd6 Bxd6 12. Rxd6 Nh5 13. h4 f6 14. hxg5
fxg5 15. Nd5 O-O 16. Rxh6 Bxf3 17. gxf3 Nf4 18. Bc4 Nxd5 19. Bxd5+ Kg7 20. Rh7+
Kf6 21. Rxb7 Nd4 22. Rh6+ Ke5 23. Re7+ Kf4 24. Bxa8 Kxf3 25. Bd5 Kxf2 26. Rf7+
Rxf7 27. Bxf7 1-0

[Event "AUTO-ADV-2717"]
[Site "http://www.queenalice.com/game.php?id=1136006"]
[Date "2013.1.1"]
[Round "1"]
[White "MsJARDEAN"]
[Black "Dcar"]
[Result "0-1"]
[WhiteElo "1686"]
[BlackElo "1706"]

1. e4 Nc6 2. c4 g6 3. d4 Bg7 4. d5 Ne5 5. Nc3 Nh6 6. f4 Neg4 7. e5 O-O 8. h3 Nf6
9. exf6 exf6 10. Nf3 Nf5 11. g4 Ng3 12. Rg1 Re8+ 13. Kf2 Nxf1 14. Rxf1 d6 15.
Re1 Rxe1 16. Qxe1 c6 17. dxc6 bxc6 18. b3 Qb6+ 19. Kg3 d5 20. cxd5 cxd5 21. Qe8+
Bf8 22. Ba3 Bb7 23. Qa4 Bxa3 24. Qxa3 d4 25. Na4 Qb5 26. Rd1 Qe2 0-1

[Event "AUTO-ADV-2717"]
[Site "http://www.queenalice.com/game.php?id=1136007"]
[Date "2013.1.1"]
[Round "1"]
[White "Dcar"]
[Black "MsJARDEAN"]
[Result "1-0"]
[WhiteElo "1689"]
[BlackElo "1703"]

1. Nf3 d5 2. d4 Nc6 3. g3 f5 4. Bg2 h6 5. O-O Nf6 6. c3 g5 7. Nbd2 Bg7 8. c4 Be6
9. c5 b6 10. cxb6 axb6 11. Nb3 O-O 12. a4 g4 13. Nh4 Kh7 14. Qc2 Ne4 15. Bxe4
fxe4 16. f3 Nxd4 17. Nxd4 Bxd4+ 18. Kh1 Bf6 19. fxe4 dxe4 20. Qxe4+ Kg7 21. Qg6+
Kh8 22. Qxh6+ Kg8 23. Qg6+ Bg7 24. Qxe6+ Kh7 25. Qg6+ Kh8 26. Qh5+ Kg8 27. Bf4
1-0

[Event "AUTO-INT-2383"]
[Site "http://www.queenalice.com/game.php?id=1148634"]
[Date "2013.2.4"]
[Round "2"]
[White "MsJARDEAN"]
[Black "vult0"]
[Result "0-1"]
[WhiteElo "1619"]
[BlackElo "1849"]

1. e4 e5 2. Nf3 d6 3. d4 exd4 4. c3 dxc3 5. Nxc3 Be6 6. Bf4 Ne7 7. Nd4 Qd7 8.
Bb5 c6 9. Bd3 g6 10. O-O Bg7 11. Nxe6 fxe6 12. Re1 O-O 13. g3 d5 14. exd5 Nxd5
15. Nxd5 cxd5 16. Be5 Nc6 17. f4 a6 18. Rb1 Nb4 19. a3 Nxd3 20. Re3 Nxe5 21.
fxe5 Rac8 0-1

[Event "AUTO-INT-2383"]
[Site "http://www.queenalice.com/game.php?id=1148635"]
[Date "2013.2.4"]
[Round "2"]
[White "vult0"]
[Black "MsJARDEAN"]
[Result "1-0"]
[WhiteElo "1842"]
[BlackElo "1626"]

1. e4 e5 2. Nf3 Nc6 3. Bc4 Bc5 4. O-O d6 5. c3 f5 6. d3 Nf6 7. Bg5 h6 8. Bxf6
Qxf6 9. Nbd2 Be6 10. a4 a5 11. Bb5 O-O 12. Bc4 Kh8 13. Nh4 Bxc4 14. Nxc4 fxe4
15. Qh5 exd3 16. Ng6+ Kh7 17. Nxf8+ Rxf8 18. Ne3 Bxe3 19. fxe3 Qe7 20. Rxf8 Qxf8
21. Rf1 Qe7 22. Qf5+ 1-0

[Event "AUTO-INT-2678"]
[Site "http://www.queenalice.com/game.php?id=1198881"]
[Date "2013.7.11"]
[Round "1"]
[White "valdenicio"]
[Black "MsJARDEAN"]
[Result "1-0"]
[WhiteElo "1794"]
[BlackElo "1577"]

1. d4 d5 2. Nf3 Nf6 3. Bf4 e6 4. e3 c5 5. c3 c4 6. Nbd2 Bd6 7. Bxd6 Qxd6 8. Qc2
O-O 9. Ne5 Nc6 10. e4 Re8 11. Be2 b5 12. f4 a5 13. g4 b4 14. g5 Nxe4 15. Nxe4
Qc7 16. Nf6+ gxf6 17. gxf6 1-0

[Event "AUTO-INT-2678"]
[Site "http://www.queenalice.com/game.php?id=1198882"]
[Date "2013.7.11"]
[Round "1"]
[White "MsJARDEAN"]
[Black "valdenicio"]
[Result "0-1"]
[WhiteElo "1585"]
[BlackElo "1786"]

1. e4 c5 2. Bc4 Nc6 3. Nf3 d6 4. d3 Nf6 5. Ng5 e6 6. Nc3 Be7 7. O-O h6 8. Nh3 a6
9. Bf4 e5 10. f3 Bxh3 11. gxh3 exf4 12. Qd2 Ne5 13. Qxf4 Ng6 14. Qe3 Qd7 15. f4
O-O 16. f5 Ne5 17. a3 b5 0-1

[Event "AUTO-INT-2678"]
[Site "http://www.queenalice.com/game.php?id=1198897"]
[Date "2013.7.11"]
[Round "1"]
[White "MsJARDEAN"]
[Black "paulouk"]
[Result "0-1"]
[WhiteElo "1570"]
[BlackElo "1548"]

1. e4 g6 2. Nf3 Bg7 3. d4 e6 4. e5 Ne7 5. c4 O-O 6. Nc3 Nf5 7. Bd3 Nh4 8. Nxh4
Qxh4 9. O-O Qxd4 10. Re1 Bxe5 11. Re4 Qd6 12. Nb5 Qc6 13. Rxe5 f6 14. Re3 a6 15.
Nd4 Qd6 16. Nf3 b6 17. b3 c5 18. Bb2 Bb7 19. Qe2 Nc6 20. g4 Nb4 0-1

[Event "AUTO-INT-2678"]
[Site "http://www.queenalice.com/game.php?id=1198898"]
[Date "2013.7.11"]
[Round "1"]
[White "paulouk"]
[Black "MsJARDEAN"]
[Result "1-0"]
[WhiteElo "1548"]
[BlackElo "1570"]

1. d4 d5 2. Nf3 Nf6 3. e3 e6 4. a3 Nc6 5. Bb5 Bd7 6. Bxc6 Bxc6 7. O-O Bd6 8.
Nbd2 O-O 9. c4 b6 10. b3 b5 11. c5 Be7 12. b4 a5 13. Ne5 Ra6 14. bxa5 Rxa5 15.
Nxc6 Qa8 16. Nxa5 Qxa5 17. Nf3 Ne4 18. Ne5 Qa6 19. Bb2 Rd8 20. f3 Ng5 21. h4 f6
22. Nd3 1-0

[Event "AUTO-INT-2678"]
[Site "http://www.queenalice.com/game.php?id=1198899"]
[Date "2013.7.11"]
[Round "1"]
[White "MsJARDEAN"]
[Black "CruzVictor"]
[Result "1-0"]
[WhiteElo "1608"]
[BlackElo "1460"]

1. e4 e5 2. Nf3 Nc6 3. Bb5 a6 4. Bxc6 dxc6 5. d3 Bg4 6. O-O Nf6 7. h3 Bh5 8. g4
Bg6 9. Nxe5 Qd6 10. f4 h6 11. Nc3 Qc5+ 12. Kg2 Bh7 13. Na4 Qa7 14. Qe2 g5 15.
Be3 Qb8 16. fxg5 hxg5 17. Rxf6 Bg7 18. Rxf7 Bxe5 19. Qf3 Bg6 20. Rf5 Bxf5 21.
Qxf5 Bd6 22. Qe6+ Be7 23. Bxg5 Rh7 24. Rf1 1-0

[Event "AUTO-INT-2678"]
[Site "http://www.queenalice.com/game.php?id=1198900"]
[Date "2013.7.11"]
[Round "1"]
[White "CruzVictor"]
[Black "MsJARDEAN"]
[Result "0-1"]
[WhiteElo "1444"]
[BlackElo "1598"]

1. e4 e5 2. Nf3 d6 3. d4 exd4 4. Nxd4 c5 5. Nb3 Nc6 6. Nc3 f5 7. Bf4 g5 8. Bd2
Nf6 9. Bxg5 fxe4 10. Nxe4 Bg7 11. Qf3 O-O 12. Nxf6+ Bxf6 13. Bh6 Rf7 14. Bc4
Qe7+ 15. Kd2 Be6 16. Rae1 Bc3+ 17. bxc3 Rxf3 18. Rxe6 Rxf2+ 19. Kc1 Qf7 20. Re8+
Rxe8 21. Bxf7+ Kxf7 22. g3 Ree2 0-1

[Event "Challenge"]
[Site "http://www.queenalice.com/game.php?id=1200137"]
[Date "2013.7.15"]
[Round "-"]
[White "MsJARDEAN"]
[Black "santanacampos"]
[Result "0-1"]
[WhiteElo "1618"]
[BlackElo "1595"]

1. e4 e5 2. Nf3 Qe7 3. Nc3 c6 4. d4 exd4 5. Nxd4 d5 6. f3 Qh4+ 7. g3 Qh5 8. Bd3
Bb4 9. O-O Bxc3 10. bxc3 Ne7 11. c4 Qe5 12. Bb2 dxc4 13. Bxc4 c5 14. f4 Qxe4 15.
Re1 Qg6 16. Qe2 Nc6 17. Nxc6 Be6 18. Nxe7 Kxe7 19. Rad1 Rad8 20. a4 h5 21. Rxd8
Rxd8 22. Rf1 h4 23. f5 Qg5 24. fxe6 f5 25. Kh1 hxg3 26. hxg3 Qxg3 27. Be5 Rh8+
28. Qh2 Rxh2# 0-1

[Event "Challenge"]
[Site "http://www.queenalice.com/game.php?id=1201890"]
[Date "2013.7.23"]
[Round "-"]
[White "MsJARDEAN"]
[Black "Ana_Cris"]
[Result "1-0"]
[WhiteElo "1601"]
[BlackElo "1093"]

1. e4 g5 2. d4 c6 3. f4 h6 4. Nf3 f6 5. Bc4 e6 6. Qe2 Bb4+ 7. c3 Ba5 8. O-O Qc7
9. f5 Qd6 10. e5 Qe7 11. g4 Na6 12. Nbd2 h5 13. h3 h4 14. b4 Bb6 15. Ba3 Nh6 16.
Rae1 d5 17. Bd3 O-O 18. Nb1 Kf7 19. b5 Nc7 20. Bxe7 Kxe7 21. a4 Rh8 22. exf6+
Kxf6 23. fxe6 Nxe6 24. Nxh4+ Ke7 25. Ng6+ Kd6 26. Qe5+ Kd7 27. Qxh8 Kd6 28. Qxh6
Bd7 29. Ne5 Bc8 30. Rf8 cxb5 31. Bf5 bxa4 32. Bxe6 1-0